00435nam a2200133Ia 4500008004100000020002200041100001900063245008600082250001200168260004900180300002700229650002500256650002000281200908s9999 xx 000 0 und d a978-981-48-4675-2 aFroeb, Luke M. cLuke M. Froeb, Brian T. McCann, Michael R. Ward, Mike ShoraManagerial economics/ a5th ed. aQuezon City:bC and E Publishing, Inc.c2019 axvi, 332 pagesc24 cm. aManagerial economics aProblem solving